| 000 | 00458nam a2200181Ia 4500 | ||
|---|---|---|---|
| 003 | GCL | ||
| 008 | 140319s9999 xx 000 0 eng d | ||
| 040 |
_aGCL / _cGCL |
||
| 082 | 0 | 4 |
_a128.2092 _bK A |
| 100 | 1 | _aKENNY, ANTHONY | |
| 245 | 1 | 0 |
_aAQUINAS ON MIND / _cKENNY, ANTHONY |
| 260 |
_a[S.N] : _bROUTLEDGE ، _c1994 |
||
| 300 | _a182 P | ||
| 650 | 0 | 4 | _aTHOMAS, AQUINAS SAINT |
| 650 | 0 | 4 | _aMIND AND BODY |
| 650 | 0 | 4 | _aPHILOSOPHY - MIND |
| 942 |
_2ddc _cBK |
||
| 999 |
_c21322 _d21322 |
||